La guerra del fin del mundo
Guardat en:
| Autor principal: | |
|---|---|
| Format: | Llibre |
| Idioma: | espanyol |
| Publicat: |
Madrid
Alfaguara
2003
|
| Edició: | 2a. ed |
| Matèries: | |
| Etiquetes: |
Afegir etiqueta
Sense etiquetes, Sigues el primer a etiquetar aquest registre!
|
MARC
| LEADER | 00000nam a2200000 a 4500 | ||
|---|---|---|---|
| 001 | UCI6711 | ||
| 003 | CL-VaPUC | ||
| 008 | 080523e20030000SP |||||||||||||||||spa|d | ||
| 020 | |a 842048413X | ||
| 082 | 0 | 4 | |a Pe863 |b VAR |2 21 |
| 100 | 0 | |a Vargas Llosa, Mario |e author |9 318800 | |
| 245 | 1 | 3 | |a La guerra del fin del mundo |
| 250 | |a 2a. ed | ||
| 300 | |a 719 p | ||
| 942 | |c BK | ||
| 945 | |d 20080523 00:00:00 |a cmena | ||
| 260 | |a Madrid |b Alfaguara |c 2003 | ||
| 650 | 7 | |a NOVELAS PERUANAS |2 CL-VaPUC |9 529679 | |
| 650 | 0 | |a Literatura peruana |9 257452 | |
| 583 | |a last modification |c 20080523 00:00:00 |k Rodrigo Vera | ||
| 999 | |c 330160 |d 330158 | ||
| 952 | |0 0 |1 0 |4 0 |6 PE_863_000000000000000_VAR_2003 |7 0 |8 A |9 415557 |a BIBCUR |b BIBCUR |d 2019-11-22 |i 4437241 |o Pe863 VAR 2003 |p 4437241 |r 2025-04-22 |w 2019-11-22 |y BK |k PER | ||